| 000 | 00000nam##2200000za#4500 |
| 001 | 9.638452 |
| 003 | CaOODSP |
| 005 | 20210624221705 |
| 007 | cr ||||||||||| |
| 008 | 150407|2003||||xxc|||||o f|0| 0 fre|d |
| 040 | |aCaOODSP|bfre |
| 043 | |an-cn--- |
| 086 | 1 |aNH15-406/2003F-PDF |
| 110 | 2 |aSociété canadienne d'hypothèques et de logement. |
| 245 | 10|aManuel des opérations à l'intention des propriétaires et des gestionnaires - collectifs d'habitation / |h[ressource électronique]|cpréparé par Efficiency Engineering Incorporated. |
| 260 | |aOttawa - Ontario : |bSociété canadienne d'hypothèques et de logement |c2003. |
| 300 | |a244p.|bgraphiques, références, tableaux |
| 500 | |aLe n° de catalogue (NH15-406/2003F) et l’ISBN (0-662-88224-5) de l’édition imprimée ont été incorrectement copiés dans cette édition électronique. |
| 520 | 3 |aCe manuel renferme des renseignements qui permettront aux propriétaires et aux gestionnaires de produire un ensemble de documents propres à l’immeuble qui les guidera à plusieurs égards − dotation en personnel, planification des tâches, passation de contrats, gestion des baux, établissement de budget, sécurité et protection incendie, gestion de l’environnement technologique, etc. Il vise à réduire les frais d’exploitation de ces immeubles et, de là, à accroître leur viabilité financière générale et à maintenir le parc d’immeubles collectifs au Canada. On invite le lecteur à utiliser un ordinateur personnel pour tirer le meilleur parti du système. |
| 590 | |a11-05-Supp|b2011-03-15 |
| 691 | 07|aEntretien|2gcpds |
| 691 | 07|aGestion|2gcpds |
| 691 | 07|aImmeuble d'habitation|2gcpds |
| 775 | 08|tOperations manual for owners and managers of multi-unit residential buildings / |w(CaOODSP)9.694276 |
| 776 | 0#|tManuel des opérations à l'intention des propriétaires et des gestionnaires -collectifs d'habitation |w(CaOODSP)9.681995 |
| 856 | 40|ahttp://publications.gc.ca|qPDF|s1.27 Mo|uhttps://publications.gc.ca/collections/collection_2011/schl-cmhc/NH15-406-2003-fra.pdf |